Dôležitosť audítorských dôkazov pre závery audítora v čase globálneho vývoja

Na minha lista:
Detalhes bibliográficos
Autor principal: Kňažková, Veronika, 1986-
Formato: Capítulo de Livro
Idioma:inglês
Assuntos:
Tags: Adicionar Tag
Sem tags, seja o primeiro a adicionar uma tag!

MARC

LEADER 00000naa$a2200000$$$4500
001 0270769
005 20240502074240.0
041 0 |a eng 
044 |a SK 
245 1 0 |a Dôležitosť audítorských dôkazov pre závery audítora v čase globálneho vývoja  |c Veronika Kňažková 
500 |a abstrakt 
610 2 0 |a audítori 
610 2 0 |a audítorstvo 
610 2 0 |a štandardy audítorské medzinárodné 
610 2 0 |a globalizácia 
100 1 |a Kňažková, Veronika, 1986-